| 000 | 01326nam a22002537a 4500 | ||
|---|---|---|---|
| 008 | 100413t1993 xxu||||| |||| 00| 0 eng d | ||
| 082 |
_220 _a330.91724 _bELL |
||
| 100 | 1 |
_aEllis, Frank, _d1947- _913483 |
|
| 245 |
_aPeasant Economics : _bFarm Households and Agrarian Development / _cFrank Ellis. |
||
| 250 | _a2nd ed. | ||
| 260 |
_aCambridge : _bCambridge University Press, _cc1993. |
||
| 300 |
_axviii, 309 p. : _bill. ; _c23cm. |
||
| 490 | 0 | _a( Wye studies in agricultural and rural development) | |
| 500 | _aPrevious ed.: 1988. | ||
| 504 | _aIncludes bibliographical references and index. | ||
| 650 | 0 |
_aPeasants _xDeveloping countries _xEconomic conditions. _913484 |
|
| 650 | 0 |
_aPeasants _xDeveloping countries _xSocial conditions. _913485 |
|
| 650 | 0 |
_aQuality of life _xDeveloping countries. _913486 |
|
| 650 | 0 |
_aDeveloping countries _xRural conditions. _913487 |
|
| 942 |
_2ddc _cBB |
||
| 999 |
_c13882 _d13882 |
||